[Event "Berlin Lichtenberger op 16th"]
[Site "Berlin"]
[Date "2017.08.21"]
[Round "3"]
[White "Willich, Manfred"]
[Black "Matthes, Aaron"]
[Result "1/2-1/2"]
[WhiteElo "1961"]
[BlackElo "1736"]
[PlyCount "124"]
[EventDate "2017.08.19"]
[EventType "swiss"]
[EventRounds "9"]
[EventCountry "GER"]
[SourceTitle "CBM 180 Extra"]
[Source "ChessBase"]
[SourceDate "2017.10.06"]
[SourceVersion "1"]
[SourceVersionDate "2017.10.06"]
[SourceQuality "1"]

1. d4 d5 2. Nf3 Nf6 3. c4 e6 4. Nc3 Be7 5. cxd5 exd5 6. Qc2 g6 7. Bg5 c6 8. e3 Bf5 9. Qb3 Qb6 10. Be2 Qxb3 11. axb3 Nbd7 12. 0-0 h6 13. Bh4 0-0 14. Nd2 Rfe8 15. f3 Bb4 16. Bf2 c5 17. dxc5 Bxc5 18. g4 Be6 19. Nb5 Rec8 20. Rfc1 a6 21. Nd4 Bb4 22. Be1 Nf8 23. Kf2 Bd7 24. Nf1 Bxe1+ 25. Kxe1 Ne6 26. Nxe6 Bxe6 27. b4 Bd7 28. Nd2 Re8 29. Kf2 Re6 30. b5 Rae8 31. bxa6 bxa6 32. Bxa6 Rxe3 33. Re1 d4 34. Nc4 Rb3 35. Rxe8+ Bxe8 36. Rd1 Bc6 37. Ne5 Rxb2+ 38. Kg3 Bd5 39. Rxd4 Kg7 40. Bc4 Rb4 41. Rxd5 Nxd5 42. Bxd5 Rb5 43. Bxf7 Rxe5 44. Bc4 Rc5 45. Bd3 Kf6 46. h4 g5 47. hxg5+ hxg5 48. Be4 Ke5 49. Bh7 Rc4 50. Bd3 Rb4 51. Bh7 Kd4 52. Be4 Ke3 53. Ba8 Rb1 54. Kg2 Kf4 55. Be4 Rb2+ 56. Kh3 Ke3 57. Kg3 Rd2 58. Bc6 Ke2 59. Bb5+ Ke1 60. f4 Rb2 61. Bc6 Rb3+ 62. Bf3 gxf4+ 1/2-1/2

[Event "Berlin Lichtenberger op 15th"]
[Site "Berlin"]
[Date "2016.08.16"]
[Round "4"]
[White "Willich, Manfred"]
[Black "Krefenstein, Sergej"]
[Result "0-1"]
[WhiteElo "1969"]
[BlackElo "2187"]
[PlyCount "120"]
[EventDate "2016.08.13"]
[EventType "swiss"]
[EventRounds "9"]
[EventCountry "GER"]
[SourceTitle "CBM 173 Extra"]
[Source "ChessBase"]
[SourceDate "2016.08.29"]
[SourceVersion "1"]
[SourceVersionDate "2016.08.29"]
[SourceQuality "1"]

1. d4 g6 2. c4 Bg7 3. Nc3 Nf6 4. e4 0-0 5. f3 d6 6. Be3 Nc6 7. Nge2 e5 8. Qd2 a5 9. d5 Nb4 10. Nc1 Nh5 11. Nd3 f5 12. a3 Nxd3+ 13. Bxd3 Nf4 14. 0-0-0 Bd7 15. g3 Nxd3+ 16. Qxd3 fxe4 17. fxe4 Bh3 18. Rd2 Qe7 19. Nd1 Rf3 20. Nf2 Bh6 21. Re1 Bd7 22. Nd1 Qf6 23. Qe2 Bxe3 24. Nxe3 Rf8 25. Nd1 Bh3 26. Rd3 Rf1 27. Re3 Qg5 28. Kc2 Bg4 29. Qd2 Qf6 30. Qxa5 Bxd1+ 31. Kxd1 Qf2 32. Qd2 Rxe1+ 33. Rxe1 Qc5 34. Qd3 Qf2 35. Qd2 Qc5 36. Qd3 Rf2 37. b4 Qa7 38. Re2 Rf1+ 39. Re1 Rxe1+ 40. Kxe1 Qg1+ 41. Kd2 Qxh2+ 42. Kc1 Qa2 43. c5 Kg7 44. cxd6 cxd6 45. Qc3 Kf6 46. Qe3 h5 47. Kd1 Qb2 48. Ke1 Qd4 49. Qf3+ Ke7 50. Ke2 Qb2+ 51. Kd1 Qh2 52. Qc3 Qg1+ 53. Kd2 Qf2+ 54. Kd1 Kd7 55. Qd3 Qd4 56. Qxd4 exd4 57. a4 g5 58. a5 h4 59. gxh4 gxh4 60. b5 h3 0-1

[Event "Hamburg St Pauli op-A"]
[Site "Hamburg"]
[Date "2015.07.19"]
[Round "2"]
[White "Poghosyan, Tigran"]
[Black "Willich, Manfred"]
[Result "1-0"]
[WhiteElo "2113"]
[BlackElo "1954"]
[PlyCount "45"]
[EventDate "2015.07.18"]
[EventType "swiss"]
[EventRounds "9"]
[EventCountry "GER"]
[SourceTitle "EXT 2016"]
[Source "ChessBase"]
[SourceDate "2015.10.08"]
[SourceVersion "1"]
[SourceVersionDate "2015.10.08"]
[SourceQuality "1"]

1. e4 c5 2. Nf3 e6 3. d4 cxd4 4. Nxd4 a6 5. Nc3 Qc7 6. Bd3 Nc6 7. Nxc6 dxc6 8. 0-0 e5 9. Kh1 Nf6 10. f4 Bd6 11. f5 h5 12. Bg5 Be7 13. Qe1 b5 14. a4 b4 15. Nd1 a5 16. Ne3 Ng4 17. Bxe7 Qxe7 18. Qg3 Nxe3 19. Qxe3 Bb7 20. Qb6 h4 21. h3 Rh6 22. Rad1 Qd8 23. Qxb7 1-0

[Event "Hamburg St Pauli op-A"]
[Site "Hamburg"]
[Date "2015.07.18"]
[Round "1"]
[White "Willich, Manfred"]
[Black "Steingraeber, Kai Uwe"]
[Result "1/2-1/2"]
[WhiteElo "1954"]
[BlackElo "2191"]
[PlyCount "52"]
[EventDate "2015.07.18"]
[EventType "swiss"]
[EventRounds "9"]
[EventCountry "GER"]
[SourceTitle "EXT 2016"]
[Source "ChessBase"]
[SourceDate "2015.10.08"]
[SourceVersion "1"]
[SourceVersionDate "2015.10.08"]
[SourceQuality "1"]

1. d4 d5 2. c4 c6 3. Nf3 Nf6 4. Qc2 e6 5. Nbd2 Nbd7 6. g3 Be7 7. Bg2 0-0 8. 0-0 b6 9. Re1 Bb7 10. b3 Rc8 11. Bb2 c5 12. e3 dxc4 13. bxc4 Qc7 14. Rac1 Rfd8 15. e4 cxd4 16. Nxd4 a6 17. N2b3 Ne5 18. Qe2 Bb4 19. Red1 Nxc4 20. Nd2 b5 21. Nxc4 bxc4 22. e5 Nd5 23. Nc2 Be7 24. Na3 a5 25. Qxc4 Qb6 26. Qb3 Qxb3 1/2-1/2

[Event "Berlin Lichtenberger op 13th"]
[Site "Berlin"]
[Date "2014.08.24"]
[Round "9"]
[White "Badestein, Hartmut"]
[Black "Willich, Manfred"]
[Result "1-0"]
[WhiteElo "2066"]
[BlackElo "1961"]
[PlyCount "97"]
[EventDate "2014.08.16"]
[EventType "swiss"]
[EventRounds "9"]
[EventCountry "GER"]
[SourceTitle "CBM 161 Extra"]
[Source "ChessBase"]
[SourceDate "2014.08.29"]
[SourceVersion "1"]
[SourceVersionDate "2014.08.29"]
[SourceQuality "1"]

1. e4 c5 2. Nf3 e6 3. Qe2 Nc6 4. g3 d6 5. Bg2 Nf6 6. d3 Be7 7. 0-0 0-0 8. c3 Qc7 9. a4 e5 10. Re1 b6 11. Nbd2 Rb8 12. Nf1 a6 13. h3 b5 14. axb5 axb5 15. Be3 b4 16. g4 Nd7 17. d4 exd4 18. cxd4 Re8 19. Ng3 Bf6 20. Rec1 Qb6 21. d5 Nce5 22. Nh5 Nxf3+ 23. Bxf3 Be5 24. Bg2 g6 25. Nf4 Bg7 26. f3 Bb7 27. Bf1 Ne5 28. Kg2 Ra8 29. h4 Ra5 30. Rxa5 Qxa5 31. g5 Ra8 32. Qc2 Ba6 33. Bxa6 Rxa6 34. h5 Qa4 35. Qe2 Ra5 36. Bf2 Qb3 37. h6 Bf8 38. Rc2 Ra1 39. Rd2 Be7 40. Nh3 Rb1 41. Bxc5 dxc5 42. d6 Bd8 43. Rc2 Nd3 44. Kg3 c4 45. e5 Rxb2 46. Qe4 Kf8 47. Qa8 Ke8 48. Qc6+ Kf8 49. Qd7 1-0

[Event "Berlin Lichtenberger op 13th"]
[Site "Berlin"]
[Date "2014.08.19"]
[Round "4"]
[White "Willich, Manfred"]
[Black "Wecker, Martin"]
[Result "0-1"]
[WhiteElo "1961"]
[BlackElo "2049"]
[PlyCount "52"]
[EventDate "2014.08.16"]
[EventType "swiss"]
[EventRounds "9"]
[EventCountry "GER"]
[SourceTitle "CBM 161 Extra"]
[Source "ChessBase"]
[SourceDate "2014.08.29"]
[SourceVersion "1"]
[SourceVersionDate "2014.08.29"]
[SourceQuality "1"]

1. d4 Nf6 2. c4 c5 3. Nf3 cxd4 4. Nxd4 b6 5. Nc3 Bb7 6. Bg5 d6 7. Bxf6 gxf6 8. e4 Nc6 9. Nf5 e6 10. Ng3 Rc8 11. Be2 Rg8 12. 0-0 a6 13. Qd2 Ne5 14. b3 Qc7 15. Nd1 Rg6 16. Bh5 Bh6 17. Qe2 Rg8 18. Ne3 Bf4 19. Ng4 Nxg4 20. Bxg4 Qc5 21. Nh5 Qg5 22. h3 f5 23. exf5 Qxh5 24. Bxh5 Rxg2+ 25. Kh1 Rh2+ 26. Kg1 Rh1# 0-1

[Event "Berlin Lichtenberger op 13th"]
[Site "Berlin"]
[Date "2014.08.17"]
[Round "2"]
[White "Willich, Manfred"]
[Black "Stark, Ingo"]
[Result "0-1"]
[WhiteElo "1961"]
[BlackElo "2134"]
[PlyCount "62"]
[EventDate "2014.08.16"]
[EventType "swiss"]
[EventRounds "9"]
[EventCountry "GER"]
[SourceTitle "CBM 161 Extra"]
[Source "ChessBase"]
[SourceDate "2014.08.29"]
[SourceVersion "1"]
[SourceVersionDate "2014.08.29"]
[SourceQuality "1"]

1. d4 b5 2. Bf4 Bb7 3. e3 Nf6 4. Nf3 a6 5. h3 e6 6. Bd3 c5 7. c3 d6 8. Nbd2 Nbd7 9. 0-0 Qc7 10. e4 e5 11. Bh2 g6 12. a4 c4 13. Bc2 Bg7 14. Qe2 0-0 15. b3 exd4 16. bxc4 dxc3 17. Nb3 bxc4 18. Nbd4 Rfe8 19. Qe3 Nxe4 20. Rfd1 Qc5 21. Bxe4 Bxe4 22. Qxc3 Bxf3 23. gxf3 Nb6 24. Rac1 Rac8 25. a5 Nd5 26. Qd2 Bxd4 27. Qxd4 Re1+ 28. Kg2 Qxd4 29. Rxd4 Rxc1 30. Rxd5 c3 31. Rxd6 c2 0-1

[Event "Bad Zwesten op 9th"]
[Site "Bad Zwesten"]
[Date "2005.01.05"]
[Round "5"]
[White "Vogel, Jaap"]
[Black "Willich, Manfred"]
[Result "1/2-1/2"]
[WhiteElo "2283"]
[BlackElo "2057"]
[PlyCount "49"]
[EventDate "2005.01.02"]
[EventType "swiss"]
[EventRounds "9"]
[EventCountry "GER"]
[SourceTitle "CBM 104 Extra"]
[Source "ChessBase"]
[SourceDate "2005.03.01"]
[SourceVersion "1"]
[SourceVersionDate "2005.03.01"]
[SourceQuality "1"]

1. Nf3 Nf6 2. g3 g6 3. d4 Bg7 4. Bg2 0-0 5. 0-0 d6 6. c4 Nbd7 7. Nc3 e5 8. d5 h6 9. e4 Nc5 10. Ne1 a5 11. Nd3 Nxd3 12. Qxd3 b6 13. h3 Nd7 14. Be3 f5 15. exf5 gxf5 16. f4 e4 17. Qe2 Nc5 18. Nb5 Nd3 19. Nd4 Qf6 20. g4 Qg6 21. Kh1 Bd7 22. gxf5 Bxf5 23. Rg1 Kh8 24. Raf1 Rae8 25. b3 1/2-1/2

[Event "Bad Zwesten op 9th"]
[Site "Bad Zwesten"]
[Date "2005.01.05"]
[Round "6"]
[White "Willich, Manfred"]
[Black "Hilmer, Frank"]
[Result "0-1"]
[WhiteElo "2057"]
[BlackElo "2216"]
[PlyCount "112"]
[EventDate "2005.01.02"]
[EventType "swiss"]
[EventRounds "9"]
[EventCountry "GER"]
[SourceTitle "CBM 104 Extra"]
[Source "ChessBase"]
[SourceDate "2005.03.01"]
[SourceVersion "1"]
[SourceVersionDate "2005.03.01"]
[SourceQuality "1"]

1. d4 e6 2. c4 Nf6 3. Nc3 Bb4 4. e3 b6 5. Nge2 Ba6 6. a3 Bxc3+ 7. Nxc3 d5 8. b3 0-0 9. Be2 Nc6 10. Bb2 Na5 11. c5 Bxe2 12. Nxe2 bxc5 13. dxc5 Rb8 14. b4 Nc4 15. Bc3 e5 16. 0-0 Ne4 17. Qd3 c6 18. f3 Nxc3 19. Qxc3 a5 20. e4 Qc7 21. Ng3 Qb7 22. Rfb1 axb4 23. axb4 Qb5 24. exd5 cxd5 25. Nf5 Rfe8 26. f4 Qd7 27. Ne3 Nxe3 28. Qxe3 f6 29. fxe5 fxe5 30. Ra6 Qb5 31. Ra7 Qc4 32. Qg3 Qd4+ 33. Qf2 Qxf2+ 34. Kxf2 Rec8 35. Ra5 Rc6 36. Ke2 Kf7 37. Kd3 Ke6 38. h3 Rb7 39. g3 Rf7 40. Re1 Rf3+ 41. Re3 e4+ 42. Ke2 Rxe3+ 43. Kxe3 Ke5 44. Ra7 d4+ 45. Kd2 Kd5 46. Rxg7 Kc4 47. Rg4 e3+ 48. Ke2 Ra6 49. Re4 Ra2+ 50. Kf1 Kd3 51. Re8 Ra1+ 52. Kg2 e2 53. c6 e1Q 54. Rxe1 Rxe1 55. b5 Rc1 56. Kf3 Rc5 0-1

[Event "Bad Zwesten op 8th"]
[Site "Bad Zwesten"]
[Date "2004.01.05"]
[Round "5"]
[White "Stange, Joerg"]
[Black "Willich, Manfred"]
[Result "0-1"]
[WhiteElo "1502"]
[BlackElo "2044"]
[PlyCount "68"]
[EventDate "2004.01.??"]
[EventType "swiss"]
[EventRounds "9"]
[EventCountry "GER"]
[SourceTitle "CBM 098 Extra"]
[Source "ChessBase"]
[SourceDate "2004.03.10"]
[SourceVersion "2"]
[SourceVersionDate "2004.03.10"]
[SourceQuality "1"]

1. d4 Nf6 2. Nf3 g6 3. g3 Bg7 4. Bg2 0-0 5. 0-0 d6 6. c4 Nbd7 7. Qc2 c6 8. Nc3 e5 9. Rd1 Re8 10. dxe5 dxe5 11. e4 Qe7 12. Rb1 Nf8 13. b4 Bg4 14. c5 Rad8 15. Bg5 Ne6 16. Rxd8 Rxd8 17. Bxf6 Qxf6 18. Ne1 Nd4 19. Qb2 Bh6 20. h3 Bc8 21. Rd1 a6 22. Qb1 Qg5 23. Rd3 Be6 24. Nf3 Nxf3+ 25. Rxf3 Qd2 26. Qf1 Qc2 27. Qb1 Qxb1+ 28. Kh2 Qxb4 29. Rd3 Rxd3 30. Bf3 Qxc3 31. h4 Rxf3 32. h5 Qd2 33. g4 Qxf2+ 34. Kh1 Rh3# 0-1

[Event "Bad Zwesten op 7th"]
[Site "Bad Zwesten"]
[Date "2003.??.??"]
[Round "5"]
[White "Hupe, Henning"]
[Black "Willich, Manfred"]
[Result "1/2-1/2"]
[WhiteElo "2108"]
[BlackElo "1842"]
[PlyCount "110"]
[EventDate "2003.01.02"]
[EventType "swiss"]
[EventRounds "9"]
[EventCountry "GER"]
[SourceTitle "CBM 092 Extra"]
[Source "ChessBase"]
[SourceDate "2003.03.07"]
[SourceVersion "1"]
[SourceVersionDate "2003.03.07"]
[SourceQuality "1"]

1. Nf3 Nf6 2. d4 e6 3. Bf4 c5 4. c3 b6 5. e3 Bb7 6. Nbd2 Be7 7. h3 cxd4 8. exd4 d6 9. Bd3 Nbd7 10. 0-0 0-0 11. Qe2 Re8 12. Rfe1 Nf8 13. Ne4 Nxe4 14. Bxe4 Bxe4 15. Qxe4 Ng6 16. Bg3 Qd7 17. Rad1 b5 18. Nh2 a5 19. Nf1 Rac8 20. Nd2 d5 21. Qe2 Qc6 22. Rc1 Bg5 23. Rc2 b4 24. Nf3 Bh6 25. Rb1 Qc4 26. Qd1 Rc6 27. b3 Qa6 28. cxb4 axb4 29. Rbb2 Rec8 30. Ne1 Rc3 31. Rxc3 Rxc3 32. Rc2 Qc8 33. Bd6 Rxc2 34. Nxc2 Qa6 35. Bxb4 Qxa2 36. Qa1 Qxa1+ 37. Nxa1 Bf4 38. Kf1 f6 39. Bc3 Kf7 40. Nc2 Bd6 41. b4 Ke7 42. Ke2 Nf4+ 43. Kf1 Ng6 44. b5 Bf4 45. Nb4 Nf8 46. Nd3 Bd6 47. Ke2 Nd7 48. f4 Nb6 49. Kf3 Nc4 50. g3 Na3 51. b6 Nb5 52. Bb2 g6 53. g4 Kd7 54. Nc5+ Kc6 55. Nxe6 Kxb6 1/2-1/2